Барышня из Симбирска (Запись № 13466106)
[ простой вид ]
| 000 -МАРКЕР | |
|---|---|
| контрольное поле | 01875nam0a2200373 4500 |
| 001 - ИДЕНТИФИКАТОР ЗАПИСИ | |
| контрольное поле | RU\NLR\BIBL_A\022644682 |
| 005 - ИДЕНТИФИКАТОР ВЕРСИИ | |
| контрольное поле | 20251120113947.0 |
| 010 ## - МЕЖДУНАРОДНЫЙ СТАНДАРТНЫЙ НОМЕР КНИГИ (ISBN) | |
| Номер (ISBN) | 978-5-48500-778-2 |
| Тираж | 1000 |
| 021 ## - НОМЕР ГОСУДАРСТВЕННОЙ РЕГИСТРАЦИИ | |
| Код страны | Российская Федерация |
| Номер | КН-П-25-052467 |
| Номер Листа государственной регистраци | КН-П-25-5065 |
| 035 ## - ДРУГИЕ СИСТЕМНЫЕ НОМЕРА | |
| Идентификатор записи | (NLR Aleph) 022644682 |
| 100 ## - ДАННЫЕ ОБЩЕЙ ОБРАБОТКИ | |
| Данные общей обработки | 20251016d2025 u y0rusy50 ca |
| 101 0# - ЯЗЫК РЕСУРСА | |
| Язык текста, звукозаписи и т.д. | русский |
| 102 ## - СТРАНА ПУБЛИКАЦИИ ИЛИ ПРОИЗВОДСТВА | |
| Страна публикации | Российская Федерация |
| 105 ## - ПОЛЕ КОДИРОВАННЫХ ДАННЫХ: ТЕКСТОВЫЕ МАТЕРИАЛЫ, МОНОГРАФИЧЕСКИЕ | |
| Кодированные данные о монографическом текстовом документе | achbz 000yd |
| 181 #0 - ПОЛЕ КОДИРОВАННЫХ ДАННЫХ: ВИД СОДЕРЖАНИЯ | |
| Код вида содержания (ISBD) | i3 |
| Код характеристики содержания (ISBD) | axxe |
| 181 #0 - ПОЛЕ КОДИРОВАННЫХ ДАННЫХ: ВИД СОДЕРЖАНИЯ | |
| Код вида содержания (ISBD) | b2 |
| Код характеристики содержания (ISBD) | bb2e |
| 182 #0 - ПОЛЕ КОДИРОВАННЫХ ДАННЫХ: ТИП СРЕДСТВА | |
| Код типа средства (ISBD) | n - непосредственное |
| 200 1# - ЗАГЛАВИЕ И СВЕДЕНИЯ ОБ ОТВЕТСТВЕННОСТИ | |
| Основное заглавие | Барышня из Симбирска |
| Сведения, относящиеся к заглавию | из воспоминаний детства и юности |
| -- | художественно-документальная повесть |
| Первые сведения об ответственности | М. А. Рунне |
| Последующие сведения об ответственности | текст подготовили Т. А. Макеева, С. Л. Макеев |
| -- | старинные предметы и архивные материалы из собрания Т. А. Макеевой |
| -- | фотографии Никиты Макеева |
| 203 ## - ВИД СОДЕРЖАНИЯ И ТИП СРЕДСТВА | |
| Вид содержания | Текст |
| -- | Изображение |
| Дополнительные сведения об издании | визуальные |
| Тип средства | непосредственные |
| 210 ## - ПУБЛИКАЦИЯ, РАСПРОСТРАНЕНИЕ И ДР. | |
| Место издания, распространения и т.д. | Москва |
| Имя издателя, распространителя и т. д. | Даръ |
| Дата издания, распространения и т.д. | 2025 |
| 215 ## - ФИЗИЧЕСКАЯ ХАРАКТЕРИСТИКА | |
| Специфическое обозначение материала и объем | 109, [2] с. |
| Другие сведения о физической характеристике | ил., цв. ил., портр., факс., карт. |
| Размеры | 25 |
| 600 #1 - ИМЯ ЛИЦА КАК ПРЕДМЕТ | |
| Начальный элемент ввода | Рунне-Федоренко |
| Часть имени, кроме начального элемента ввода | М.А. |
| Даты | 1877 - 1970 |
| Расширение инициалов личного имени | Мария Александровна |
| Системный номер авторитетной/нормативной записи | 2339725 |
| Идентификатор авторитетной/нормативной записи | RU\NLR\AUTH\6601622205 |
| 686 0# - ИНДЕКСЫ ДРУГИХ КЛАССИФИКАЦИЙ | |
| Индекс | Ш9(2)62=Р7-4 |
| 686 1# - ИНДЕКСЫ ДРУГИХ КЛАССИФИКАЦИЙ | |
| Индекс | Р.г(2)7д Рунне-Федоренко |
| 686 2# - ИНДЕКСЫ ДРУГИХ КЛАССИФИКАЦИЙ | |
| Индекс | Ш6(2=Р)8-448 |
| 700 #1 - ИМЯ ЛИЦА - ПЕРВИЧНАЯ ОТВЕТСТВЕННОСТЬ | |
| Начальный элемент ввода | Рунне-Федоренко |
| Часть имени, кроме начального элемента ввода | М. А. |
| Даты | 1877-1970 |
| Расширение инициалов личного имени | Мария Александровна |
| Системный номер авторитетной/нормативной записи | 178424 |
| Идентификатор авторитетной/нормативной записи | RU\NLR\AUTH\770178475 |
| 702 #1 - ИМЯ ЛИЦА - ВТОРИЧНАЯ ОТВЕТСТВЕННОСТЬ | |
| Код отношения | Составитель |
| Графика поля | Кириллица |
| Материалы, к которым относится поле | rus |
| Начальный элемент ввода | Макеева |
| Часть имени, кроме начального элемента ввода | Т. А. |
| Дополнения к именам, кроме дат | коллекционер |
| Расширение инициалов личного имени | Татьяна Андреевна |
| Системный номер авторитетной/нормативной записи | 202347 |
| Идентификатор авторитетной/нормативной записи | RU\NLR\AUTH\770202398 |
| 942 ## - ДОПОЛНИТЕЛЬНЫЕ ЭЛЕМЕНТЫ ЗАПИСИ (АБИС) | |
| Тип экземпляра АБИС | Книга |
| 980 ## - КОЛЛЕКЦИЯ | |
| Название коллекции | Национальная библиография |
Нет доступных экземпляров.